000 00551nam a2200169Ia 4500
008 110201s9999 xx 000 0 und d
082 _bB11057
_aK 2828
100 _aदेवकुळे जयंत
245 _aकनक आणि कामिनी
260 _bभारत बुक हाऊस
365 _b60
600 _aदेवकुळे जयंत
630 _aकनक आणि कामिनी
700 _aदेवकुळे जयंत
730 _aकनक आणि कामिनी
942 _cBOOK
999 _c836454
_d836451